00594nam a22001577a 450000500170000000800410001702000180005804000270007604100080010308200140011111101440012524500690026926000540033830000180039250000260041020170809165129.0170809b2016 gw ||||f |||| 00| 0 eng d a9783000520471 aCO-BoIAVH cCO-BoIAVH  aeng1 a577bH61t1 aEuropean Conference of Tropical Ecology and Annual Conference of the Society for Tropical Ecology (cGöttingen, dfebrero 23 al 26, 2016)10aTropical diversity, ecology and land use:bprogram and abstracts aGöttingen:bSociety of Tropical Ecology,c2016. a396 páginas amemorias del congreso